Escenarios para el aprendizaje : reinterpretación del espacio arquitectónico educativo para niños y niñas de edad preescolar entre los 4 a 6 años : a partir de un aprendizaje corporal y sensorial aplicado al Jardín de Niños Simón Bolívar en Grecia
Uloženo v:
| Hlavní autor: | |
|---|---|
| Další autoři: | |
| Médium: | Neznámo |
| Jazyk: | Undetermined |
| Vydáno: |
[San José, Costa Rica]
2017
|
| Témata: | |
| Tagy: |
Přidat tag
Žádné tagy, Buďte první, kdo vytvoří štítek k tomuto záznamu!
|
MARC
| LEADER | 00000 a2200000 4500 | ||
|---|---|---|---|
| 003 | EA0183 | ||
| 005 | 20230228082241.0 | ||
| 008 | 140114s9999 xx 000 0 und d | ||
| 040 | |c cru CEDI | ||
| 090 | |a TFG EA-183 | ||
| 100 | |a Fonseca Rodríguez, Karen Andrea |9 20360 | ||
| 245 | |a Escenarios para el aprendizaje : reinterpretación del espacio arquitectónico educativo para niños y niñas de edad preescolar entre los 4 a 6 años : a partir de un aprendizaje corporal y sensorial aplicado al Jardín de Niños Simón Bolívar en Grecia | ||
| 260 | |a [San José, Costa Rica] |c 2017 | ||
| 500 | |a Proyecto de graduación (licenciatura en arquitectura)--Universidad de Costa Rica. Facultad de Ingeniería. Escuela de Arquitectura | ||
| 501 | |a Director de Proyecto de Graduación: Mag. Arq. Esteban Camacho Mosheim | ||
| 650 | |x ESPACIO (ARQUITECTURA) - DISEÑO - GRECIA (ALAJUELA, COSTA RICA) |x APRENDIZAJE |x ARQUITECTURA Y NIÑOS |x JARDINES INFANTILES - ARQUITECTURA - GRECIA (ALAJUELA, COSTA RICA) |9 20361 | ||
| 700 | |9 124 |a Camacho Mosheim, Esteban,1975- |d Director del TFG | ||
| 942 | |c CEDI | ||
| 999 | |c 12877 |d 12877 | ||
